LEADER 01101nam0-2200337---450- 001 990008492210403321 005 20070327104241.0 035 $a000849221 035 $aFED01000849221 035 $a(Aleph)000849221FED01 035 $a000849221 100 $a20070326d1986----km-y0itay50------ba 101 0 $aita 102 $aIT 105 $ay---a---101yy 200 1 $aRuggero Grieco$ele campagne e la democrazia$eappunti di ricerca$fa cura di Franco Ferri 210 $aFoggia$cBastogi$d1986 215 $a349 p.$d23 cm 225 1 $aCollana di studi storici regionali$v2 300 $aIn testa al front.: Istituto Alcide Cervi 610 0 $aGrieco, Ruggero$aConvegni$aFoggia$a1983 676 $a324.245 075$v21$zita 702 1$aFerri,$bFranco 712 02$aIstituto Alcide Cervi per la storia della Resistenza nelle campagne, del movimento contadino e dell'agricoltura 801 0$aIT$bUNINA$gRICA$2UNIMARC 901 $aBK 912 $a990008492210403321 952 $a324.245 FER 1$bDip. disc. st. 3423$fFLFBC 959 $aFLFBC 996 $aRuggero Grieco$9731346 997 $aUNINA LEADER 01606oam 2200457 450 001 9910716068003321 005 20210930145734.0 035 $a(CKB)5470000002517423 035 $a(OCoLC)1250266503 035 $a(EXLCZ)995470000002517423 100 $a20210510d2021 ua 0 101 0 $aeng 135 $aur||||||||||| 181 $ctxt$2rdacontent 182 $cc$2rdamedia 183 $acr$2rdacarrier 200 12$aA call to action $eNative communities' priorities in focus for the 117th Congress : hearing before the Committee on Indian Affairs, United States Senate, One Hundred Seventeenth Congress, first session, February 24, 2021 210 1$aWashington :$cU.S. Government Publishing Office,$d2021. 215 $a1 online resource (iii, 77 pages) 225 1 $aS. hrg. ;$v117-8 320 $aIncludes bibliographical references. 517 $aCall to action 606 $aIndians of North America$xLegal status, laws, etc 606 $aCOVID-19 (Disease)$zUnited States 606 $aInfrastructure (Economics)$zUnited States 606 $aFederal-Indian trust relationship 606 $aWater rights$zUnited States 608 $aLegislative hearings.$2lcgft 615 0$aIndians of North America$xLegal status, laws, etc. 615 0$aCOVID-19 (Disease) 615 0$aInfrastructure (Economics) 615 0$aFederal-Indian trust relationship. 615 0$aWater rights 801 0$bGPO 801 1$bGPO 801 2$bOCLCO 801 2$bGPO 906 $aBOOK 912 $a9910716068003321 996 $aA call to action$93431927 997 $aUNINA LEADER 01987nas 2200613-a 450 001 9910146380503321 005 20260218111751.0 035 $a(CKB)954927729614 035 $a(CONSER)---96648133- 035 $a(DE-599)ZDB2628162-4 035 $a(DE-599)2628162-4 035 $a(EXLCZ)99954927729614 100 $a19940727a19959999 --- a 101 0 $aeng 181 $ctxt$2rdacontent 182 $cc$2rdamedia 183 $acr$2rdacarrier 200 00$aExercise immunology review 210 $aChampaign, IL $cHuman Kinetics$d©1995- 210 2 $aGreven $cWWF Verlag 210 31$a[Germany] :$cInternational Society of Exercise and Immunology 215 $a1 online resource 300 $aRefereed/Peer-reviewed 300 $aTitle from cover. 300 $aVols. for 2002- published: Greven : WWF Verlag. 311 08$a1077-5552 531 $aEXERC IMMUNOL REV 531 $aEXERC IMM R 531 $aEXERC. IMMUNOL. REV 531 0 $aExerc. immunol. rev. 606 $aExercise$xImmunological aspects$vPeriodicals 606 $aDisease Susceptibility$ximmunology 606 $aExercise$xphysiology 606 $aImmune System$xphysiology 606 $aImmunity$xphysiology 606 $aExercice$xImmunologie$vPériodiques 606 $aExercise$xImmunological aspects$2fast$3(OCoLC)fst00918001 608 $aPeriodical. 608 $aPeriodicals.$2fast 608 $aPeriodicals.$2lcgft 615 0$aExercise$xImmunological aspects 615 2$aDisease Susceptibility$ximmunology. 615 2$aExercise$xphysiology. 615 2$aImmune System$xphysiology. 615 2$aImmunity$xphysiology. 615 6$aExercice$xImmunologie 615 7$aExercise$xImmunological aspects. 676 $a616.07/9 712 02$aInternational Society of Exercise and Immunology. 906 $aJOURNAL 912 $a9910146380503321 920 $aexl_impl conversion 996 $aExercise immunology review$92082573 997 $aUNINA